Racial and cultural minorities : an analysis of prejudice and discrimination

Saved in:
Bibliographic Details
Main Author: Simpson, George Eaton 1904-
Other Authors: Yinger, J. Milton (John Milton) 1916-
Format: Book
Language:English
Published: New York : Plenum, 1985
Edition:5th ed.
Series:Environment, development, and public policy. Public policy and social services
Subjects:
Tags: Add Tag
No Tags, Be the first to tag this record!

MARC

LEADER 00000nam a2200000 i 4500
001 1/87839
008 960704s1985 eng d
020 |a 0-306-41777-4 
035 |a 1987  |c Αγορά  |l 10035346 
040 |a GR-MY-UA  |b gre  |e aacr 
041 0 |a eng 
082 0 |a 305.800973 
100 1 |a Simpson, George Eaton  |d 1904- 
245 1 0 |a Racial and cultural minorities :  |b an analysis of prejudice and discrimination /  |c George Eaton Simpson, Milton J. Yinger 
250 |a 5th ed. 
260 |a New York :   |b Plenum,   |c 1985 
300 |a 491 p. 
490 1 |a Environment, development, and public policy. Public policy and social services 
650 0 0 |a Minorities. 
650 0 0 |a Racism. 
650 0 0 |a Race discrimination  |z United States. 
700 1 |a Yinger, J. Milton  |q (John Milton)  |d 1916- 
830 0 |a Environment, development, and public policy. Public policy and social services 
852 |a INST  |b RHODES  |e 19960704  |h 305.800973 SIM  |p 005400004496  |q 005400004496  |t BK  |y 0 
909 |a Ρ  |b 006059  |c 1987